Statistics for Click Chain #25 - Literally

Click here to take the quiz!

General Stats

  • This quiz has been taken 294 times
  • The average score is 23 of 31

Answer Stats

HintAnswer% Correct
Sylvester Stallone played a boxer named …Rocky
96%
which is a popular breed of …Dog
95%
where the most famous destination for skiing is …Aspen
92%
which is also the name of a mountain range in …Colorado
92%
which arose from the domestication of the …Wolf
92%
which started in the year ...1346
88%
and if you fell one, you should yell …Timber
85%
whose government could be described as a ...Military Dictatorship
84%
who shares a name with a boy who picked a peck of pickled ...Peppers
80%
which is the title of a hit song by …Pitbull
80%
which is also the name of a …Tree
80%
who usually rise to power with a ...Coup d'État
78%
who was played by ...Stallone
77%
which is a homonym of ...Sea
76%
which borders ...Vietnam
76%
an example of which is the ...South China Sea
75%
where the murderer could be Colonel ...Mustard
73%
which would certainly be an incorrect way to write the past tense of ...See
73%
who is named after a yellow ...Seed
72%
one of which was carried out by ...Idi Amin
69%
when Japan's leader was a ...Shogun
67%
who ruled over ...Uganda
67%
which is the P in ...RHCP
65%
which is the namesake of a piece in ...Cluedo
63%
who has grey ...Plumage
63%
whose namesake caused ...The Black Death
63%
where American POWs were rescued by ...Rambo
62%
but is polychromatic on a ...Peacock
58%
whose bassist is called ...Flea
51%
which is the animal roped by ...Peter
49%
whose flag features a ...Grey Crowned Crane
46%

Score Distribution

Percentile by Number Answered

Percent of People with Each Score

Your Score History

You have not taken this quiz